|
|
|
|
| LEADER |
00000caa a22000002c 4500 |
| 001 |
1912590077 |
| 003 |
DE-627 |
| 005 |
20250127054953.0 |
| 007 |
cr uuu---uuuuu |
| 008 |
241217s1990 xx |||||o 00| ||eng c |
| 035 |
|
|
|a (DE-627)1912590077
|
| 035 |
|
|
|a (DE-599)KXP1912590077
|
| 040 |
|
|
|a DE-627
|b ger
|c DE-627
|e rda
|
| 041 |
|
|
|a eng
|
| 084 |
|
|
|a 2,1
|2 ssgn
|
| 100 |
1 |
|
|a Lind, E. Allan
|e VerfasserIn
|4 aut
|
| 245 |
1 |
0 |
|a In the eye of the beholder: Tort litigants' evaluations of their experiences in the civil justice system
|
| 264 |
|
1 |
|c 1990
|
| 336 |
|
|
|a Text
|b txt
|2 rdacontent
|
| 337 |
|
|
|a Computermedien
|b c
|2 rdamedia
|
| 338 |
|
|
|a Online-Ressource
|b cr
|2 rdacarrier
|
| 700 |
1 |
|
|a Tyler, Tom R.
|d 1950-
|e VerfasserIn
|0 (DE-588)129335460
|0 (DE-627)393104818
|0 (DE-576)165145013
|4 aut
|
| 700 |
1 |
|
|a Resnik, Judith
|e VerfasserIn
|4 aut
|
| 700 |
1 |
|
|a Hensler, Deborah R.
|e VerfasserIn
|4 aut
|
| 700 |
1 |
|
|a Felsteiner, William L.F.
|e VerfasserIn
|4 aut
|
| 700 |
1 |
|
|a Ebener, Patricia A.
|e VerfasserIn
|4 aut
|
| 700 |
1 |
|
|a MacCoun, Robert J.
|d 1958-
|e VerfasserIn
|0 (DE-588)130416312
|0 (DE-627)501121994
|0 (DE-576)298182254
|4 aut
|
| 773 |
0 |
8 |
|i Enthalten in
|t Law & society review
|d New York : Cambridge University Press, 1966
|g 24(1990), 4, Seite 953-996
|h Online-Ressource
|w (DE-627)34133975X
|w (DE-600)2066683-4
|w (DE-576)107059541
|x 1540-5893
|7 nnas
|
| 773 |
1 |
8 |
|g volume:24
|g year:1990
|g number:4
|g pages:953-996
|
| 787 |
0 |
8 |
|i Forschungsdaten
|a Lind, Allan E.
|t Survey of Tort Litigants in Three State Courts, 1989-1990: (United States)
|d [Erscheinungsort nicht ermittelbar] : [Verlag nicht ermittelbar], 1992
|w (DE-627)1840062851
|
| 856 |
4 |
0 |
|u http://www.jstor.org/stable/3053616
|x Verlag
|z lizenzpflichtig
|3 Volltext
|7 1
|
| 935 |
|
|
|a mkri
|
| 951 |
|
|
|a AR
|
| ELC |
|
|
|a 1
|
| LOK |
|
|
|0 000 xxxxxcx a22 zn 4500
|
| LOK |
|
|
|0 001 4637555574
|
| LOK |
|
|
|0 003 DE-627
|
| LOK |
|
|
|0 004 1912590077
|
| LOK |
|
|
|0 005 20241217044607
|
| LOK |
|
|
|0 008 241217||||||||||||||||ger|||||||
|
| LOK |
|
|
|0 035
|a (DE-2619)ICPSR19104
|
| LOK |
|
|
|0 040
|a DE-2619
|c DE-627
|d DE-2619
|
| LOK |
|
|
|0 092
|o n
|
| LOK |
|
|
|0 852
|a DE-2619
|
| LOK |
|
|
|0 852 1
|9 00
|
| LOK |
|
|
|0 935
|a nacp
|
| LOK |
|
|
|0 939
|a 17-12-24
|b l01
|
| ORI |
|
|
|a SA-MARC-krimdoka001.raw
|